000 00278nam a22001337a 4500
008 170424b xxu||||| |||| 00| 0 eng d
020 _a0534011845
041 _aeng
080 _25TH
_a54
100 _a12
101 _aSHM
245 _aCHEMISTRY
_cMORTIMER
942 _2udc
_cBK
999 _c11787
_d11787